Historia de las ideas I.

Guardado en:
Detalles Bibliográficos
Autor corporativo: Universidad Padagógica Nacional (México)
Formato: Libro
Idioma:Español
Edición:2a ed.
Temas:
Etiquetas: Agrega una etiqueta
Sin etiquetas, Sé el primero en etiquetar este registro!

MARC

LEADER 00000nam^a2200000^u^4500
001 000510143
005 20250521000000.0
008 091202s1000^^^^^^^^^^^^r^^^^^000^0^spa^d
009 20260310130119.859
022 |a 9688040091 
035 |a FCE 000054352 
037 |a Acervo ITESO - Biblioteca 
041 |a spa 
082 0 4 |a 378.007  |b H57 
110 |a Universidad Padagógica Nacional (México) 
245 1 0 |a Historia de las ideas I. 
250 |a 2a ed. 
264 |a México :  |b UPN,  |c 1988. 
300 |a 2 volúmenes. 
336 |a texto  |b txt  |2 rdacontenido 
337 |a sin mediación  |b n  |2 rdamedio 
338 |a volumen  |b nc  |2 rdasoporte 
596 |a Sistema de educación a distancia. 
649 |a XX 
650 |a Teoría del conocimiento 
650 |a Renacimiento 
650 |a Historia de las ideas 
650 |a Mercantilismo 
650 |a Estado moderno 
650 |a Revolución científica 
910 |a Fondo Centro de Estudios Educativos 
920 |a Impresos - Libros 
930 |a Fondos Especiales 
905 |a 133 
901 |a ALE067757  |b IT2  |c CEE  |u 20250521 
901 |a ALE067758  |b IT2  |c CEE  |u 20250521 
902 |a https://opac.biblio.iteso.mx/vufind/Record/000510143